000 00316nam a2200133Ia 4500
008 230511s1977 xx 000 0 und d
041 _aeng
082 _a340.1
100 _aJams Steintrager
245 _aBentham
260 _aLondon
_bGeorge G.Harrap & Co Ltd
_c1977
300 _a133
906 _aJurisprudence
999 _c354099
_d354099